Algebra lineal. Una introducción moderna

Uloženo v:
Podrobná bibliografie
Hlavní autor: Poole, David (Autor)
Médium: Kniha
Jazyk:španělština
Vydáno: Ciudad de México, México International Thomson 2007
Vydání:Segunda edición
Témata:
On-line přístup:Disponible Online
Tagy: Přidat tag
Žádné tagy, Buďte první, kdo vytvoří štítek k tomuto záznamu!

MARC

LEADER 00000cam a2200000 a 4500
001 UCF0074
003 CL-VaPUC
005 20250224152545.0
008 120427e20070000MX |||||||||||||||||spa|d
999 |c 347577  |d 347575 
020 |a 9706865950 
040 |c Pontificia Universidad Católica de Valparaíso 
082 0 4 |a 512.5 POO 2007  |2 21 
100 0 |a Poole, David  |e author  |9 561910 
245 1 0 |a Algebra lineal.  |b Una introducción moderna 
250 |a Segunda edición  
260 |a Ciudad de México, México   |b International Thomson  |c 2007 
300 |a 712 páginas  
583 |a last modification  |c 20120904 05:23:15  |k Rodrigo Vera 
650 0 |a Álgebra lineal   |9 260445 
650 0 |a Ecuaciones lineales   |9 342219 
650 0 |a Espacios vectoriales   |9 21 
856 |u http://bibliografiadigital.pucv.cl.pucv.idm.oclc.org/index.php/bibliotecapucv/catalog/book/236  |y Disponible Online  
942 |c BK  |2 ddc 
945 |d 20120427 00:00:00  |a cmena 
952 |0 0  |1 0  |4 0  |6 512_500000000000000_POO_2007  |7 0  |8 R  |9 449011  |a BIBGIM  |b BIBGIM  |d 2019-11-22  |i 4863054  |l 12  |m 1  |o 512.5 POO 2007  |p 4863054  |r 2025-01-15  |s 2023-06-28  |w 2019-11-22  |y BK_R  |k COM